000
00415nam a2200145Ia 4500
008
100122s9999 xx 000 0 und d
082
_b
6442
_a
823
100
_a
साठे शं गो
245
_a
औट घटकेचे राज्य
260
_c
1948
300
_a
100
630
_a
औट घटकेचे राज्य
730
_a
औट घटकेचे राज्य
942
_c
BOOK
999
_c
399467
_d
399464